| 000 | 00974cam a22002174a 4500 | ||
|---|---|---|---|
| 005 | 20250605164334.0 | ||
| 008 | 250528s ||||||||||||||||||||||||d | ||
| 035 | _a23360 | ||
| 020 | _a9780340844960 | ||
| 040 |
_aGR-AtMCL _bgre _dGR-AtMCL _eAACR2 |
||
| 245 | 1 | _aPsychology in Practice | |
| 250 | _a1st | ||
| 260 |
_bHodder Arnold, _c2002 |
||
| 300 | _a194 | ||
| 520 | _aThis book is the definitive series on the practical applications of psychology to areas of everyday life, covering education, health, oragnisations and work, sport, the environment and crime. Health covers the application of psychology to health.Preface, Introduction, The Patient-Practitioner Relationship, Adherence to Medical Advice, Pain, Stress, Substance Use and Abuse, Health Promotion, Lifestyles and Health Behaviour, Health and Safety, References, Index. | ||
| 700 | 1 |
_aCoolican Hugh _9268 |
|
| 700 | 1 |
_aO'Shaughnessy Terry _98923 |
|
| 942 | _cBK | ||
| 999 |
_c8385 _d8385 |
||